[Event "Pau op"]
[Site "Pau"]
[Date "2009.02.24"]
[Round "2"]
[White "Cottoni, Camille"]
[Black "Watier, Jean Marie"]
[Result "0-1"]
[WhiteElo "1160"]
[BlackElo "1520"]
[PlyCount "42"]
[EventDate "2009.02.24"]
[EventType "swiss"]
[EventRounds "9"]
[EventCountry "FRA"]
[SourceTitle "CBM 129 Extra"]
[Source "ChessBase"]
[SourceDate "2009.05.05"]
[SourceVersion "2"]
[SourceVersionDate "2009.05.20"]
[SourceQuality "1"]

1. e4 c5 2. d4 cxd4 3. Qxd4 Nc6 4. Qd1 d6 5. Bb5 Bd7 6. Nf3 Nf6 7. Ng5 Ne5 8. b3 Bxb5 9. Nc3 Bc6 10. Nd5 Bxd5 11. exd5 g6 12. Bb2 Bg7 13. 0-0 0-0 14. Qe1 Nxd5 15. Qe4 e6 16. Qh4 h6 17. Ne4 Qxh4 18. Nxd6 Nf3+ 19. gxf3 Bxb2 20. Rab1 Be5 21. h3 Qxh3 0-1